西園寺/ZAKIの動画 ドボンクイズ - Statistics

General Stats
  • This quiz has been taken 337 times
  • The average score is 4 of 13
Answers on the Grid
Answers color-coded by a green-red scale on the quiz's grid according to % correct below.
日本最北端・稚内から始発で移動!終電まで乗り継いだら1日でどこまでいける⁉︎
【第1話】日本全国使って壮大な鬼ごっこしてみた
【24万円】日本最大の豪華客船「飛鳥II」2泊3日コースに乗船 神戸→横浜40時間の旅
【過酷】路線バスだけ乗り継いで最北端から最南端まで移動してみた!総距離3100km・1ヶ月の旅
【2時間遅れ】緊急事態発生でサンライズ号が首都圏の朝ラッシュに突入!大阪→東京 8時間30分の旅
東京→大阪を誰も使わない”超豪華”ルートで移動してみた!
【完全走破】日本最長特急にちりんシーガイア号のDXグリーン席で6時間乗車!
【-2℃】山奥の秘境駅で野宿したら大変なことになった…
【1泊2日】バブル期の豪華社員旅行やってみた!
【なぜ?】周りの近代化に取り残された"幹線"を乗り通してみた
【新幹線禁止】新潟から東京まで在来線だけでいってみた!
【乗り比べ】大急ぎでN700Aグリーン車&アーバンライナーDX乗車
【大ピンチ】関空アクセス特急人乗ってるの?実際に乗って調べてみた
大阪→東京を誰も使わない「超豪華ルート」で移動してみた!
さいころを転がして出た目のとおりに旅行する【さいころの旅2002その1】
【新幹線なし】東京→新潟 在来線だけで行ってみた
【全行程6時間】日本最長の特急「にちりんシーガイア」に変化が! グリーン個室乗車記
目覚めたらサンライズ出雲が遅延していた
【特急殺し】新快速で京都→大阪を大爆走!
【困惑】誰が使うんだよ… 謎の踏切を見学
 
Answer Stats
Answer % Correct
【第1話】日本全国使って壮大な鬼ごっこしてみた
60%
【過酷】路線バスだけ乗り継いで最北端から最南端まで移動してみた!総距離3100km・1ヶ月の旅
45%
日本最北端・稚内から始発で移動!終電まで乗り継いだら1日でどこまでいける⁉︎
44%
東京→大阪を誰も使わない”超豪華”ルートで移動してみた!
43%
【1泊2日】バブル期の豪華社員旅行やってみた!
43%
【-2℃】山奥の秘境駅で野宿したら大変なことになった…
41%
【2時間遅れ】緊急事態発生でサンライズ号が首都圏の朝ラッシュに突入!大阪→東京 8時間30分の旅
29%
【24万円】日本最大の豪華客船「飛鳥II」2泊3日コースに乗船 神戸→横浜40時間の旅
28%
【新幹線禁止】新潟から東京まで在来線だけでいってみた!
17%
【完全走破】日本最長特急にちりんシーガイア号のDXグリーン席で6時間乗車!
16%
【なぜ?】周りの近代化に取り残された"幹線"を乗り通してみた
13%
【乗り比べ】大急ぎでN700Aグリーン車&アーバンライナーDX乗車
11%
【大ピンチ】関空アクセス特急人乗ってるの?実際に乗って調べてみた
6%
No matching quizzes found
Score Distribution
Percent of People with Each Score
Percentile by Number Answered
Your Score History
You have not taken this quiz